[Event "N�-LL 2009/10"]
[Site "?"]
[Date "2010.01.24"]
[Round "8"]
[White "Lendwai, Reinhard"]
[Black "Gr�tz, Harald"]
[Result "1/2-1/2"]
[WhiteElo "2415"]
[BlackElo "2337"]
[Annotator "Baden : Stockerau"]
[PlyCount "23"]
[EventDate "2010.01.11"]
[SourceDate "2010.02.15"]

1. e4 c5 2. Nf3 e6 3. c3 Nf6 4. e5 Nd5 5. g3 Nc6 6. Bg2 d6 7. exd6 Qxd6 8. d4
cxd4 9. Nxd4 Qe5+ 10. Ne2 b6 11. O-O Bb7 12. Nf4 1/2-1/2

[Event "N�-LL 2009/10"]
[Site "?"]
[Date "2010.01.24"]
[Round "8"]
[White "Schmid, Thomas"]
[Black "Geismann, Bernhard"]
[Result "1-0"]
[WhiteElo "2196"]
[BlackElo "2055"]
[Annotator "Baden : Stockerau"]
[PlyCount "109"]
[EventDate "2010.01.11"]
[SourceDate "2010.02.15"]

1. e4 e5 2. Nf3 Nc6 3. Bb5 a6 4. Ba4 Nf6 5. O-O Be7 6. Re1 b5 7. Bb3 O-O 8. h3
Bb7 9. d3 d5 10. exd5 Nxd5 11. Nxe5 Nd4 12. Nd2 Re8 13. Ndf3 Nxb3 14. axb3 Bd6
15. d4 f6 16. Nd3 Qd7 17. Bd2 Qf5 18. Nh4 Qd7 19. Qg4 Qxg4 20. hxg4 Ne7 21. c4
Nc6 22. Nf5 g6 23. Nxd6 cxd6 24. Bc3 Kf7 25. f3 Rxe1+ 26. Rxe1 Re8 27. Rd1 h6
28. Kf2 g5 29. Rh1 Kg7 30. Ra1 Kf7 31. Rh1 Kg7 32. Re1 Rxe1 33. Kxe1 Kg6 34.
Kf2 Bc8 35. d5 Nd8 36. Ke3 f5 37. gxf5+ Bxf5 38. g4 Bxd3 39. Kxd3 Nb7 40. b4 h5
41. gxh5+ Kxh5 42. Kd4 bxc4 43. Kxc4 Kh4 44. Bf6 Kg3 45. Bxg5 Kxf3 46. b5 a5
47. b3 Ke4 48. Be7 Ke5 49. Bh4 Ke4 50. b6 Nc5 51. Bg3 a4 52. bxa4 Nxa4 53. b7
Nb6+ 54. Kb5 Nd7 55. Kc6 1-0

[Event "N�-LL 2009/10"]
[Site "?"]
[Date "2010.01.24"]
[Round "8"]
[White "Perndl, Johann"]
[Black "Amberger, Dieter"]
[Result "0-1"]
[WhiteElo "2036"]
[BlackElo "1984"]
[Annotator "Baden : Stockerau"]
[PlyCount "44"]
[EventDate "2010.01.11"]
[SourceDate "2010.02.15"]

1. e4 c5 2. c3 Nf6 3. e5 Nd5 4. d4 cxd4 5. Nf3 Nc6 6. Bc4 Nb6 7. Bb3 d5 8. exd6
Qxd6 9. O-O Be6 10. Bxe6 Qxe6 11. cxd4 Rd8 12. Nc3 g6 13. Bf4 Bg7 14. Bc7 Rd7
15. Bxb6 axb6 16. d5 Qg4 17. Qe1 Nd4 18. Ne5 Bxe5 19. f3 Qf5 20. Ne4 Rxd5 21.
f4 Bg7 22. Rd1 O-O 0-1

[Event "N�-LL 2009/10"]
[Site "?"]
[Date "2010.01.24"]
[Round "8"]
[White "P�tz, Florian"]
[Black "Vyskocil, Neklan"]
[Result "1/2-1/2"]
[WhiteElo "2333"]
[BlackElo "2357"]
[Annotator "Zwettl : Niederabsdorf"]
[PlyCount "56"]
[EventDate "2010.01.11"]
[SourceDate "2010.02.15"]

1. e4 c5 2. Nf3 d6 3. d4 cxd4 4. Nxd4 Nf6 5. Nc3 a6 6. Be3 e5 7. Nb3 Be6 8. f3
Nbd7 9. g4 b5 10. Qd2 b4 11. Nd5 Bxd5 12. exd5 Nb6 13. Bxb6 Qxb6 14. O-O-O Be7
15. Kb1 a5 16. g5 Nh5 17. h4 O-O 18. Bd3 Rfc8 19. Nc1 a4 20. Ne2 Qc5 21. Rhf1
Bd8 22. Bf5 Rcb8 23. f4 Ba5 24. fxe5 dxe5 25. Qd3 g6 26. Bg4 b3 27. cxb3 axb3
28. a3 e4 1/2-1/2

[Event "N�-LL 2009/10"]
[Site "?"]
[Date "2010.01.24"]
[Round "8"]
[White "Vykydal, Frantisek"]
[Black "Hansen, Kay"]
[Result "0-1"]
[WhiteElo "2213"]
[BlackElo "2235"]
[Annotator "Zwettl : Niederabsdorf"]
[PlyCount "32"]
[EventDate "2010.01.11"]
[SourceDate "2010.02.15"]

1. e4 c6 2. Nc3 d5 3. d3 e5 4. Nf3 Bg4 5. Be2 Bxf3 6. Bxf3 dxe4 7. dxe4 Qxd1+
8. Nxd1 Nd7 9. O-O Ngf6 10. Ne3 O-O-O 11. Nc4 Bc5 12. c3 Rhe8 13. b4 Bf8 14.
Be3 Kc7 15. Rac1 b5 16. Na5 Nb6 {Rest nicht lesbar} 0-1

[Event "N�-LL 2009/10"]
[Site "?"]
[Date "2010.01.24"]
[Round "8"]
[White "Kleiser, Gregor"]
[Black "Janetschek, Karl"]
[Result "1-0"]
[WhiteElo "2248"]
[BlackElo "2250"]
[Annotator "Zwettl : Niederabsdorf"]
[PlyCount "110"]
[EventDate "2010.01.11"]
[SourceDate "2010.02.15"]

1. e4 e5 2. Nf3 Nc6 3. Bb5 a6 4. Ba4 Nf6 5. O-O Be7 6. Re1 b5 7. Bb3 O-O 8. c3
d6 9. h3 Nd7 10. d4 Nb6 11. Nbd2 Bf6 12. Nf1 Na5 13. Bc2 c5 14. d5 c4 15. Ne3
Nb7 16. Ng4 Bxg4 17. hxg4 Qd7 18. g5 Bd8 19. Nh2 f6 20. gxf6 Rxf6 21. Be3 Rc8
22. Qh5 Nc5 23. Ng4 Rg6 24. Bxc5 Rxc5 25. Ne3 Rf6 26. Bd1 g6 27. Qh6 Qg7 28.
Qh3 h5 29. a4 Qd7 30. Qg3 Kh7 31. a5 Na4 32. Ra2 Bxa5 33. Bxa4 bxa4 34. Rea1
Bb6 35. Rxa4 Rc8 36. Rxa6 Bc5 37. Qg5 Rcf8 38. Kh1 Rxf2 39. Nxc4 R8f3 40. Qh4
Rf4 41. Qh3 Rf1+ 42. Kh2 Qb5 43. Ne3 Rxa1 44. Rxa1 Qe2 45. Qd7+ Kh6 46. Nf5+
Rxf5 47. exf5 Qg4 48. Qd8 Qxf5 49. Qh8+ Kg5 50. Qd8+ Kg4 51. b4 Bf2 52. Qxd6
Bg3+ 53. Kh1 e4 54. Qe6 Bf2 55. Ra6 Bg3 1-0

[Event "N�-LL 2009/10"]
[Site "?"]
[Date "2010.01.24"]
[Round "8"]
[White "Mlynek, Petr"]
[Black "Schwarhofer, Christopher"]
[Result "0-1"]
[WhiteElo "2189"]
[BlackElo "2230"]
[Annotator "Zwettl : Niederabsdorf"]
[PlyCount "68"]
[EventDate "2010.01.11"]
[SourceDate "2010.02.15"]

1. d4 Nf6 2. c4 g6 3. Nf3 Bg7 4. g3 O-O 5. Bg2 d6 6. O-O Nbd7 7. Nc3 c6 8. e4
e5 9. h3 exd4 10. Nxd4 Ne5 11. b3 Qa5 12. Bb2 a6 13. Qc2 b5 14. f4 Qb6 15. Rfd1
Bxh3 16. fxe5 dxe5 17. Bxh3 exd4 18. Qf2 Qc7 19. Rxd4 Ng4 20. Bxg4 Bxd4 21.
Qxd4 Qxg3+ 22. Kf1 Qxg4 23. Nd5 f6 24. Ne7+ Kg7 25. Nxc6 Rae8 26. Re1 Re6 27.
Qd7+ Rf7 28. Qd5 Qf4+ 29. Kg2 Rd6 30. Nd4 Qg4+ 31. Kf2 Rxd5 32. exd5 bxc4 33.
bxc4 h5 34. c5 Qh4+ 0-1

[Event "N�-LL 2009/10"]
[Site "?"]
[Date "2010.01.24"]
[Round "8"]
[White "Rumpl, Erwin"]
[Black "Mahdy, Khaled"]
[Result "0-1"]
[WhiteElo "2304"]
[BlackElo "2376"]
[Annotator "Krems : Amstetten"]
[PlyCount "54"]
[EventDate "2010.01.11"]
[SourceDate "2010.02.15"]

1. Nf3 Nf6 2. d4 b5 3. g3 Bb7 4. Bg2 e6 5. O-O c5 6. a4 b4 7. Nbd2 Na6 8. c3
Be7 9. Re1 O-O 10. e4 bxc3 11. bxc3 cxd4 12. cxd4 Nb4 13. Re3 a5 14. Bb2 Rc8
15. Rc1 Rxc1 16. Qxc1 Qa8 17. Ne1 Rc8 18. Qd1 d5 19. e5 Nd7 20. f4 Nb6 21. g4
Bc6 22. Ra3 Qb7 23. f5 Nc4 24. Nxc4 dxc4 25. Rh3 Nd3 26. Bc1 Bxg2 27. Nxg2 Qb1
0-1

[Event "N�-LL 2009/10"]
[Site "?"]
[Date "2010.01.24"]
[Round "8"]
[White "Winiwarter, Felix"]
[Black "Sandh�fner, Florian"]
[Result "0-1"]
[WhiteElo "2195"]
[BlackElo "2213"]
[Annotator "Krems : Amstetten"]
[PlyCount "68"]
[EventDate "2010.01.11"]
[SourceDate "2010.02.15"]

1. e4 e6 2. d4 d5 3. e5 c5 4. c3 Nc6 5. Nf3 Qb6 6. Bd3 Bd7 7. dxc5 Bxc5 8. O-O
a5 9. Qe2 Nge7 10. Nbd2 Qc7 11. Nb3 Ba7 12. Bf4 f5 13. Nbd4 Nxd4 14. Nxd4 O-O
15. Rae1 Bxd4 16. cxd4 Qb6 17. Bg5 Nc6 18. Be3 Nb4 19. Bb1 Bb5 20. Qd2 Rfc8 21.
f4 Bxf1 22. Rxf1 Rc4 23. Kh1 Rac8 24. g4 Nc2 25. gxf5 exf5 26. Rg1 g6 27. Bf2
Qxb2 28. Qxa5 Nb4 29. Bd3 Nxd3 30. Qxd5+ Kh8 31. Bh4 Nf2+ 32. Bxf2 Qxf2 33. e6
Rc1 34. Qe5+ Kg8 0-1

[Event "N�-LL 2009/10"]
[Site "?"]
[Date "2010.01.24"]
[Round "8"]
[White "Gugler, Edgar"]
[Black "W�ber, Friedrich"]
[Result "1/2-1/2"]
[WhiteElo "2139"]
[BlackElo "2158"]
[Annotator "Krems : Amstetten"]
[PlyCount "32"]
[EventDate "2010.01.11"]
[SourceDate "2010.02.15"]

1. d4 Nf6 2. Nf3 g6 3. Nc3 d5 4. Bf4 Bg7 5. e3 O-O 6. Be2 b6 7. Ne5 Nfd7 8.
Nxd5 Nxe5 9. dxe5 Be6 10. Nb4 Qc8 11. Bf3 Rd8 12. Qe2 c6 13. O-O a5 14. Nd3 Nd7
15. Rad1 Qc7 16. b3 Rac8 1/2-1/2

[Event "N�-LL 2009/10"]
[Site "?"]
[Date "2010.01.24"]
[Round "8"]
[White "J�nger, Heinz"]
[Black "Wadsack, Wolfgang"]
[Result "1/2-1/2"]
[WhiteElo "2094"]
[BlackElo "2185"]
[Annotator "Krems : Amstetten"]
[PlyCount "80"]
[EventDate "2010.01.11"]
[SourceDate "2010.02.15"]

1. e4 d5 2. exd5 Nf6 3. d4 Nxd5 4. Nf3 Bg4 5. Be2 Nc6 6. c4 Nb6 7. d5 Bxf3 8.
gxf3 Ne5 9. f4 Ng6 10. Nc3 e6 11. dxe6 Qxd1+ 12. Kxd1 O-O-O+ 13. Kc2 fxe6 14.
Be3 Kb8 15. Rad1 Be7 16. Rxd8+ Rxd8 17. Rg1 Rf8 18. Bd3 Nxf4 19. Rxg7 Nxd3 20.
Kxd3 Rd8+ 21. Kc2 Bf6 22. Rxh7 Nxc4 23. Rh6 Be5 24. h4 Re8 25. h5 b6 26. Rg6
Kc8 27. h6 Nd6 28. f4 Bh8 29. Bd2 Kd7 30. Kd3 Ke7 31. Rg1 Kf7 32. b3 Rd8 33.
Kc2 Bf6 34. Ne2 Nf5 35. h7 Rh8 36. Rh1 Kg7 37. Bc3 Bxc3 38. Nxc3 Rxh7 39. Rxh7+
Kxh7 40. Nb5 Kg6 1/2-1/2

[Event "N�-LL 2009/10"]
[Site "?"]
[Date "2010.02.21"]
[Round "9"]
[White "Sandhoeffner, Florian"]
[Black "Volkmann, Karl Friedrich"]
[Result "1/2-1/2"]
[WhiteElo "2213"]
[BlackElo "2389"]
[Annotator "Wr. Neustadt: Amstetten"]
[PlyCount "35"]
[EventDate "2010.02.21"]
[SourceDate "2010.02.21"]

1. e4 e5 2. Nf3 Nf6 3. d4 Nxe4 4. Bd3 Nc6 5. Nxe5 Nc5 6. Be2 Nxe5 7. dxe5 d5 8.
exd6 Qxd6 9. O-O Bf5 10. Bb5+ c6 11. Re1+ Ne6 12. Qf3 Bxc2 13. Na3 cxb5 14.
Nxc2 Qc6 15. Qf5 Be7 16. Bg5 Nxg5 17. Qxg5 O-O 18. Rxe7 1/2-1/2

[Event "N�-LL 2009/10"]
[Site "?"]
[Date "2010.02.21"]
[Round "9"]
[White "Schroll, Gerhard"]
[Black "Rumpl, Erwin"]
[Result "1/2-1/2"]
[WhiteElo "2387"]
[BlackElo "2304"]
[Annotator "Wr. Neustadt: Amstetten"]
[PlyCount "55"]
[EventDate "2010.02.21"]
[SourceDate "2010.02.21"]

1. c4 c5 2. Nf3 g6 3. g3 Bg7 4. Bg2 Nc6 5. O-O e5 6. Nc3 Nge7 7. a3 d6 8. b4
O-O 9. Rb1 f5 10. Ne1 Rb8 11. d3 Be6 12. b5 Na5 13. Bd2 b6 14. Nc2 f4 15. Nd5
Nb7 16. e3 Nxd5 17. cxd5 Bf5 18. exf4 Bxd3 19. Re1 Bf5 20. Rc1 exf4 21. Bxf4 g5
22. Bd2 Qf6 23. f4 gxf4 24. Bxf4 Rbe8 25. Ne3 Be4 26. Nc4 Qg6 27. Qd2 Re7 28.
h4 1/2-1/2

[Event "N�-LL 2009/10"]
[Site "?"]
[Date "2010.02.21"]
[Round "9"]
[White "Wadsack, Wolfgang"]
[Black "Todor, Razvan"]
[Result "1/2-1/2"]
[WhiteElo "2185"]
[BlackElo "2167"]
[Annotator "Wr. Neustadt: Amstetten"]
[PlyCount "40"]
[EventDate "2010.02.21"]
[SourceDate "2010.02.21"]

1. e4 g6 2. d4 Bg7 3. Nc3 d6 4. Be3 Nd7 5. Nf3 c5 6. dxc5 Nxc5 7. Bxc5 Bxc3+ 8.
bxc3 dxc5 9. Bb5+ Bd7 10. Qd3 a6 11. Bxd7+ Qxd7 12. Rd1 Qc7 13. O-O Nf6 14. e5
Nh5 15. Qe3 Ng7 16. Rd5 Rc8 17. Rfd1 O-O 18. Rd7 Rfd8 19. R7d3 Ne6 20. h4 Qa5
1/2-1/2

[Event "N�-LL 2009/10"]
[Site "?"]
[Date "2010.02.21"]
[Round "9"]
[White "Steiner, Adam"]
[Black "Wadsack, Winfried"]
[Result "1/2-1/2"]
[WhiteElo "2154"]
[BlackElo "2113"]
[Annotator "Wr. Neustadt: Amstetten"]
[PlyCount "53"]
[EventDate "2010.02.21"]
[SourceDate "2010.02.21"]

1. e4 d5 2. exd5 Nf6 3. d4 Nxd5 4. c4 Nb6 5. Nf3 g6 6. c5 Nd5 7. Bc4 Bg7 8. Nc3
Nxc3 9. bxc3 O-O 10. O-O c6 11. Re1 b6 12. Bg5 Bf6 13. Bxf6 exf6 14. cxb6 axb6
15. Qd2 b5 16. Bb3 Kg7 17. a4 bxa4 18. Rxa4 Rxa4 19. Bxa4 Be6 20. Qc2 Qd5 21.
Nd2 Nd7 22. Bb3 Qd6 23. Bxe6 fxe6 24. Nc4 Qd5 25. Ne3 Qd6 26. Nc4 Qd5 27. Ne3
1/2-1/2

[Event "N� - LL 2009/10"]
[Site "?"]
[Date "2010.02.21"]
[Round "9"]
[White "Schwarhofer, Christopher"]
[Black "Polsterer, Heinz"]
[Result "1-0"]
[WhiteElo "2260"]
[BlackElo "1987"]
[Annotator "Niederabsdorf : Krems"]
[PlyCount "61"]
[EventDate "2010.??.??"]
[SourceDate "2010.02.21"]

1. e4 e6 2. d4 d5 3. Nc3 Nf6 4. e5 Nfd7 5. f4 c5 6. Nf3 Nc6 7. Be3 cxd4 8. Nxd4
Bc5 9. Qd2 O-O 10. O-O-O a6 11. h4 Bxd4 12. Bxd4 b5 13. h5 Qa5 14. Kb1 b4 15.
Ne2 Nc5 16. Ng3 Na4 17. h6 g6 18. Nh5 Rb8 19. Nf6+ Kh8 20. Rh3 Nxd4 21. Qxd4
Nc3+ 22. bxc3 bxc3+ 23. Ka1 Rb2 24. a4 Rb4 25. Qxc3 Bb7 26. Rb1 Rxa4+ 27. Kb2
Ra2+ 28. Kc1 Rxc2+ 29. Kxc2 Rc8 30. Rxb7 Qa4+ 31. Kb2 1-0

[Event "N� - LL 2009/10"]
[Site "?"]
[Date "2010.02.21"]
[Round "9"]
[White "Gruszka, Herbert"]
[Black "Hansen, Kay"]
[Result "0-1"]
[WhiteElo "1992"]
[BlackElo "2243"]
[Annotator "Niederabsdorf : Krems"]
[PlyCount "68"]
[EventDate "2010.??.??"]
[SourceDate "2010.02.21"]

1. e4 c6 2. d4 d5 3. exd5 cxd5 4. c4 Nf6 5. Nc3 Nc6 6. c5 e5 7. Bb5 exd4 8.
Qxd4 Bd7 9. Bxc6 bxc6 10. Nf3 Be7 11. O-O O-O 12. Ne5 Re8 13. Re1 a5 14. Bd2
Qc7 15. Nd3 Bf5 16. Bf4 Qa7 17. Rxe7 Qxe7 18. Bd6 Qb7 19. f3 Bxd3 20. Qxd3 Re6
21. b3 Rae8 22. Kf2 Qb4 23. a3 Qxb3 24. Qd2 d4 25. Nd1 Qe3+ 26. Qxe3 dxe3+ 27.
Ke2 Nd5 28. g3 g5 29. Rb1 Rh6 30. h4 gxh4 31. gxh4 Rg6 32. Rb8 Rg2+ 33. Ke1
Rxb8 34. Bxb8 Ra2 0-1

[Event "N� - LL 2009/10"]
[Site "?"]
[Date "2010.02.21"]
[Round "9"]
[White "Mahdy, Khaled"]
[Black "Kleiser, Gregor"]
[Result "1-0"]
[WhiteElo "2379"]
[BlackElo "2266"]
[Annotator "Niederabsdorf : Krems"]
[PlyCount "53"]
[EventDate "2010.??.??"]
[SourceDate "2010.02.21"]

1. e4 c5 2. Nf3 d6 3. Bb5+ Bd7 4. Bxd7+ Qxd7 5. O-O g6 6. c3 Bg7 7. d4 Nf6 8.
Re1 cxd4 9. cxd4 O-O 10. Nc3 Nc6 11. h3 Rfc8 12. Bf4 b5 13. e5 Ne8 14. Ne4 dxe5
15. dxe5 Qf5 16. Bh2 Rd8 17. Qb3 Bxe5 18. Nxe5 Nxe5 19. g4 Nxg4 20. hxg4 Qxg4+
21. Ng3 e6 22. Qxb5 Rd2 23. Re2 Nd6 24. Qc6 Rxe2 25. Qxa8+ Kg7 26. Qg2 Rd2 27.
Nf5+ 1-0

[Event "N�-LL 2009/2010"]
[Site "?"]
[Date "2010.02.21"]
[Round "9"]
[White "Vykydal, Frantisek"]
[Black "Ried, Florian"]
[Result "1-0"]
[WhiteElo "2213"]
[BlackElo "2044"]
[Annotator "Stockerau : Zwettl"]
[PlyCount "65"]
[EventDate "2010.??.??"]
[TimeControl "240+2"]

1. e4 {[%emt 0:00:00]} c5 2. Nc3 Nc6 3. g3 d6 4. Bg2 g6 5. d3 Bg7 6. Be3 e6 7.
Qd2 Nd4 8. Nd1 Ne7 9. c3 Ndc6 10. Ne2 h6 11. b3 b6 12. O-O Bb7 13. d4 Qd7 14.
f4 f5 15. dxc5 dxc5 16. Qxd7+ Kxd7 17. Nf2 Rad8 18. Rad1+ Kc7 19. Bc1 Ba6 20.
Rfe1 Rxd1 21. Nxd1 Rd8 22. Ne3 Bd3 23. exf5 gxf5 24. Kf2 e5 25. fxe5 Bxe2 26.
Bxc6 Nxc6 27. Kxe2 Re8 28. Nxf5 Bxe5 29. Kf3 Rf8 30. g4 h5 31. Bf4 hxg4+ 32.
Kxg4 Bxf4 33. Kxf4 1-0

[Event "N�-LL 2009/10"]
[Site "?"]
[Date "2010.02.21"]
[Round "9"]
[White "Batyte, Daiva"]
[Black "Janetschek, Karl"]
[Result "1-0"]
[WhiteElo "2128"]
[BlackElo "2250"]
[Annotator "Stockerau : Zwettl"]
[PlyCount "69"]
[EventDate "2010.??.??"]
[TimeControl "240+2"]

1. Nf3 c5 2. c4 g6 3. g3 Bg7 4. Bg2 Nc6 5. Nc3 e6 6. e4 Nge7 7. O-O O-O 8. d3
d6 9. Be3 Nd4 10. Bxd4 cxd4 11. Ne2 e5 12. Nd2 f5 13. Kh1 Kh8 14. exf5 gxf5 15.
f4 Ng8 16. Rc1 Nf6 17. h3 Qe7 18. Re1 Be6 19. Nf3 Nh5 20. Kh2 Bf6 21. Rg1 Rg8
22. Qe1 Rg6 23. c5 dxc5 24. Nxe5 Bxe5 25. fxe5 Bf7 26. Bf3 Rb6 27. b3 Re8 28.
Bxh5 Bxh5 29. Nf4 Bf7 30. e6 Bxe6 31. Qe5+ Qg7 32. Qxc5 Rc6 33. Qb5 a6 34. Qb4
Rec8 35. Nxe6 1-0

[Event "N�-LL 2009/!0"]
[Site "?"]
[Date "2010.02.21"]
[Round "9"]
[White "Schmid, Thomas"]
[Black "Pisk, Petr"]
[Result "1/2-1/2"]
[WhiteElo "2196"]
[BlackElo "2327"]
[Annotator "Stockerau : Zwettl"]
[PlyCount "86"]
[EventDate "2010.??.??"]
[TimeControl "240+2"]

1. e4 c5 2. Nf3 d6 3. Bb5+ Bd7 4. Bxd7+ Nxd7 5. O-O Ngf6 6. Qe2 e6 7. b3 Be7 8.
Bb2 O-O 9. c4 a6 10. d4 cxd4 11. Nxd4 Qa5 12. Nc3 Rac8 13. Rac1 Qh5 14. Qxh5
Nxh5 15. g3 Nhf6 16. Rcd1 Nc5 17. Rfe1 h5 18. f4 Rfd8 19. Rd2 Bf8 20. Nf3 e5
21. Ng5 Re8 22. Kf2 Be7 23. Kf3 Rb8 24. Nd5 Nxd5 25. Rxd5 f6 26. Nh3 b5 27. Rc1
Rec8 28. Nf2 g5 29. Rdd1 a5 30. cxb5 Rxb5 31. Nd3 g4+ 32. Ke3 exf4+ 33. gxf4
Kf7 34. Nxc5 Rbxc5 35. Ba3 Rc2 36. Rxc2 Rxc2 37. Rd2 Rc3+ 38. Kd4 Rf3 39. f5 h4
40. Rg2 g3 41. hxg3 hxg3 42. Kd5 a4 43. Bc1 axb3 1/2-1/2

[Event "N�-LL 2009/10"]
[Site "?"]
[Date "2010.02.21"]
[Round "9"]
[White "Vyskocil, Neklan"]
[Black "Schirmbeck, Hannes"]
[Result "1-0"]
[WhiteElo "2357"]
[BlackElo "2177"]
[Annotator "Stockerau : Zwettl"]
[PlyCount "87"]
[EventDate "2010.??.??"]
[TimeControl "240+2"]

1. d4 Nf6 2. Bg5 d5 3. Bxf6 exf6 4. e3 c6 5. Nd2 Be7 6. Ne2 O-O 7. g3 Re8 8.
Bg2 Bg4 9. O-O Nd7 10. Nf3 Nf8 11. h3 Bf5 12. Nd2 Bd6 13. c4 dxc4 14. Nxc4 Bc7
15. Nc3 Qd7 16. Kh2 Rad8 17. b3 Ng6 18. Qh5 Bd3 19. Rfd1 Qf5 20. Qxf5 Bxf5 21.
d5 cxd5 22. Nxd5 Bb8 23. Na5 Rd7 24. Rd2 Nf8 25. Rad1 Rc8 26. Nb4 Rxd2 27. Rxd2
Be5 28. Bxb7 Rc7 29. Nd5 Bc3 30. Nxc3 Rxc3 31. Nc6 Bd7 32. Ne7+ Kh8 33. Bd5 g6
34. Bxf7 Rc7 35. Bc4 Kg7 36. Nd5 Rc5 37. Nf4 Bf5 38. g4 Be4 39. Rd8 Re5 40. Kg3
Re7 41. Rd6 Nd7 42. h4 Bb1 43. Ne6+ Kh8 44. Bb5 1-0

[Event "N�-LL 2009/10"]
[Site "?"]
[Date "2010.02.21"]
[Round "9.1"]
[White "Bawart, Markus"]
[Black "Penz, Harald"]
[Result "0-1"]
[WhiteElo "2391"]
[BlackElo "2310"]
[Annotator "Mauerbach : Baden"]
[PlyCount "150"]
[EventDate "2010.02.25"]
[SourceDate "2010.02.25"]

1. Nf3 d5 2. c4 e6 3. e3 Nf6 4. b3 Be7 5. Bb2 O-O 6. Be2 c5 7. cxd5 Nxd5 8. O-O
Nc6 9. a3 b6 10. Qc2 Bb7 11. d3 Bf6 12. Nbd2 Bxb2 13. Qxb2 Qf6 14. Qxf6 Nxf6
15. Rfc1 Rfd8 16. Rab1 Nd5 17. Kf1 f6 18. Ne1 Rac8 19. Nc4 Kf7 20. h4 Ke7 21.
Bf3 Ba6 22. Ke2 h6 23. h5 b5 24. Nd2 Ne5 25. Bxd5 exd5 26. b4 c4 27. Ndf3 Bb7
28. Nd4 Bc6 29. f4 Nf7 30. Nf5+ Kf8 31. Nf3 Bd7 32. N3h4 Bxf5 33. Nxf5 Nd6 34.
Nd4 Re8 35. Rc3 a6 36. Kf3 Ke7 37. Ra1 Rc7 38. a4 Rb8 39. axb5 Nxb5 40. Nf5+
Kf7 41. Rc2 Rb6 42. dxc4 dxc4 43. Rac1 c3 44. Ng3 Rc4 45. Ne2 Rbc6 46. Nd4 Rxd4
47. exd4 Nxd4+ 48. Ke4 Nxc2 49. Rxc2 Rc4+ 50. Kf5 Rxb4 51. Rxc3 Rb5+ 52. Kg4
Rb7 53. Ra3 Ra7 54. Kf5 a5 55. Ra4 Ra8 56. g4 Ra6 57. g5 Ra7 58. g6+ Ke7 59.
Ke4 Ke6 60. Kd4 Kf5 61. Kc5 Kg4 62. Kb6 Ra8 63. Kb7 Re8 64. Rxa5 Kxf4 65. Kc6
Re6+ 66. Kd7 Re5 67. Rxe5 fxe5 68. Ke7 e4 69. Kf7 e3 70. Kxg7 e2 71. Kxh6 e1=Q
72. g7 Qe6+ 73. Kh7 Qf7 74. Kh6 Qg8 75. Kg6 Kg4 0-1

[Event "N�-LL 2009/10"]
[Site "?"]
[Date "2010.02.21"]
[Round "9.2"]
[White "Neumeier, Klaus"]
[Black "Perndl, Johann"]
[Result "1-0"]
[WhiteElo "2358"]
[BlackElo "2032"]
[Annotator "Mauerbach : Baden"]
[PlyCount "35"]
[EventDate "2010.02.25"]
[SourceDate "2010.02.25"]

1. e4 g6 2. d4 Bg7 3. Nc3 Nc6 4. Nf3 e5 5. dxe5 Nxe5 6. Nxe5 Bxe5 7. Bc4 d6 8.
O-O Be6 9. Bb3 Bg7 10. f4 Qd7 11. f5 Bxb3 12. axb3 Be5 13. Qf3 Ne7 14. Bf4 Nc6
15. Nd5 O-O-O 16. Bxe5 Nxe5 17. Qc3 b6 18. Rxa7 1-0

[Event "N�-LL 2009/10"]
[Site "?"]
[Date "2010.02.21"]
[Round "9.3"]
[White "Schmoll, Arnold"]
[Black "Weissenbeck, Manuel"]
[Result "0-1"]
[WhiteElo "1833"]
[BlackElo "2268"]
[Annotator "Mauerbach : Baden"]
[PlyCount "100"]
[EventDate "2010.02.25"]
[SourceDate "2010.02.25"]

1. c3 d5 2. d4 Nf6 3. h3 Bf5 4. Bf4 e6 5. Nd2 Bd6 6. Bxd6 Qxd6 7. Ngf3 h6 8. e3
O-O 9. Be2 Nbd7 10. O-O b6 11. Ne1 c5 12. Bd3 c4 13. Bc2 b5 14. Qf3 Bxc2 15.
Nxc2 a5 16. a3 Qc6 17. Rfe1 Ne4 18. Rad1 f5 19. Qe2 Rab8 20. f3 Nxd2 21. Rxd2
Nf6 22. g4 Qd6 23. Qg2 g5 24. Rf2 Rb7 25. Qh2 Qxh2+ 26. Kxh2 fxg4 27. Ref1 Rbf7
28. Kg2 gxh3+ 29. Kxh3 Ne4 30. Re2 Rxf3+ 31. Rxf3 Rxf3+ 32. Kg2 g4 33. Ne1 Rg3+
34. Kh2 Rh3+ 35. Kg2 h5 36. Kg1 Ng3 37. Rh2 Rxh2 38. Kxh2 Nf1+ 39. Kg2 Nxe3+
40. Kg3 Nf5+ 41. Kf4 g3 42. Ng2 Kf7 43. Kf3 Kf6 44. Nf4 h4 45. Nh5+ Ke7 46. Nf4
Kd6 47. Nh3 b4 48. axb4 axb4 49. Nf4 b3 50. Ne2 h3 0-1

[Event "N�-LL 2009/10"]
[Site "?"]
[Date "2010.02.21"]
[Round "9.4"]
[White "Descovich, Nicolai"]
[Black "Zechner, Andrea"]
[Result "0-1"]
[WhiteElo "2090"]
[BlackElo "1875"]
[Annotator "Mauerbach : Baden"]
[PlyCount "100"]
[EventDate "2010.02.25"]
[SourceDate "2010.02.25"]

1. e4 c6 2. d4 d5 3. exd5 cxd5 4. c4 Nf6 5. Nc3 e6 6. Nf3 Bb4 7. a3 Bxc3+ 8.
bxc3 O-O 9. Bd3 dxc4 10. Bxc4 Nc6 11. O-O Na5 12. Bd3 Qc7 13. Qc2 h6 14. Ne5 b6
15. h3 Bb7 16. Bf4 Qe7 17. c4 Rfd8 18. Rfd1 Rac8 19. Qb2 Nh5 20. Be3 Qh4 21.
Bf1 Qe4 22. Qe2 Nf4 23. Bxf4 Qxf4 24. Qe3 Qxe3 25. fxe3 f6 26. Ng6 Kf7 27. Nf4
Nxc4 28. Kf2 Nd6 29. Rac1 Ne4+ 30. Ke1 g5 31. Nd3 Nc3 32. Rd2 Nd5 33. Rxc8 Rxc8
34. e4 Ne3 35. e5 Nxf1 36. Kxf1 Ba6 37. Kf2 Bxd3 38. Rxd3 Rc2+ 39. Kf3 fxe5 40.
dxe5 Ke7 41. g3 Rc5 42. Re3 b5 43. Kg4 Kf7 44. Kh5 Kg7 45. h4 gxh4 46. Kxh4 Kg6
47. g4 a5 48. Kg3 b4 49. axb4 axb4 50. Rb3 Rc3+ 0-1

[Event "N�-LL 2009/10"]
[Site "?"]
[Date "2010.02.21"]
[Round "9"]
[White "Froewis, Georg"]
[Black "Weiss, Christian"]
[Result "1/2-1/2"]
[WhiteElo "2216"]
[BlackElo "2393"]
[Annotator "P�chlarn - Bisamberg/Korneuburg"]
[PlyCount "33"]
[EventDate "2010.??.??"]
[SourceDate "2009.10.04"]

1. e4 c6 2. c4 e5 3. Nc3 Nf6 4. Nf3 d6 5. d4 Nbd7 6. Be2 Qc7 7. O-O Be7 8. h3
O-O 9. Be3 Re8 10. d5 c5 11. Nd2 Nf8 12. f4 exf4 13. Bxf4 Ng6 14. Bh2 a6 15.
Kh1 Nd7 16. Bg4 Bg5 17. Bf5 1/2-1/2

[Event "N�-LL 2009/10"]
[Site "?"]
[Date "2010.02.21"]
[Round "9"]
[White "Knoll, Hermann"]
[Black "Wetscherek, Gerhard"]
[Result "1-0"]
[WhiteElo "2406"]
[BlackElo "2136"]
[Annotator "P�chlarn - Bisamberg/Korneuburg"]
[PlyCount "83"]
[EventDate "2010.??.??"]
[SourceDate "2009.10.04"]

1. d4 d6 2. e4 g6 3. Nc3 Bg7 4. Be3 c6 5. Qd2 b5 6. Bd3 a6 7. h3 Nd7 8. Nf3 Qc7
9. O-O Ngf6 10. Ne2 O-O 11. a4 Bb7 12. Ng3 e5 13. dxe5 dxe5 14. c4 Rfd8 15. Qc3
b4 16. Qxb4 c5 17. Qc3 a5 18. Rfd1 Rab8 19. Bc2 Bc6 20. b3 Qb7 21. Qxa5 Nxe4
22. Nxe4 Bxe4 23. Bxe4 Qxe4 24. Bxc5 Bf6 25. Be3 Nf8 26. Rxd8 Rxd8 27. Bg5 Bxg5
28. Nxg5 Qd4 29. Re1 f6 30. Ne4 Kg7 31. Qc7+ Rd7 32. Qc6 Rf7 33. Nd6 Qd2 34.
Re3 Re7 35. Ne8+ Kf7 36. Nxf6 Ne6 37. Ng4 Nf4 38. Qf6+ Ke8 39. Nxe5 Qd1+ 40.
Kh2 Ne6 41. Qh8+ Nf8 42. Rf3 1-0

[Event "N�-LL 2009/10"]
[Site "?"]
[Date "2010.02.21"]
[Round "9"]
[White "Reinwald, Patrick"]
[Black "Mittermayer, Gerhard"]
[Result "0-1"]
[WhiteElo "2096"]
[BlackElo "2135"]
[Annotator "P�chlarn - Bisamberg/Korneuburg"]
[PlyCount "36"]
[EventDate "2010.??.??"]
[SourceDate "2009.10.04"]

1. e4 e6 2. d4 d5 3. exd5 exd5 4. Nf3 Nf6 5. Bd3 Bd6 6. O-O O-O 7. h3 h6 8. b3
Re8 9. Bb2 Ne4 10. Ne5 Qh4 11. Nd2 Nc6 12. Nxe4 dxe4 13. Bb5 Bxe5 14. Bxc6 bxc6
15. dxe5 Bxh3 16. gxh3 Qxh3 17. Re1 Rad8 18. Qc1 Re6 0-1